Statistics for Famous Buildings to European Cities

Click here to take the quiz!

General Stats

  • This quiz has been taken 209 times
    (205 since last reset)
  • The average score is 13 of 22

Answer Stats

BuildingEuropean City% Correct
Westminister AbbeyLondon
99%
Pompidou CenterParis
92%
Holocaust memorialBerlin
90%
RijksmuseumAmsterdam
82%
Bolshoi theatreMoscow
82%
La ScalaMilan
75%
AtomiumBrussels
72%
Commerzbank towerFrankfurt
71%
HofbräuhausMunich
69%
TivoliCopenhagen
68%
Doge PalaceVenice
67%
Hundertwasser houseVienna
64%
Uffizi GalleryFlorence
58%
Belém towerLisbon
56%
Dancing HousePrague
56%
Kilmainham GaolDublin
47%
Pavillon le CorbusierZurich
39%
Church of the Savior on BloodSaint Petersburg
35%
Turning TorsoMalmö
27%
HarpaReykjavik
25%
Rietveld- houseUtrecht
12%
ARoSAarhus
7%

Score Distribution

Percentile by Number Answered

Percent of People with Each Score

Your Score History

You have not taken this quiz since the last reset